Archaeologiai közlemények. Roč. 8, č. 11, 1877
| Médium: | Kniha |
|---|---|
| Jazyk: | neznámy jazyk |
| Vydavateľské údaje: |
Budapest
Az akademia epületében
1877
|
MARC
| LEADER | 00000nam a2200000 a 4500 | ||
|---|---|---|---|
| 001 | vtls001289937 | ||
| 003 | SK-MaSNL | ||
| 005 | 20260224105538.0 | ||
| 008 | 180810s1877 xx 0 und | ||
| 035 | |a SNK000241567 | ||
| 040 | |a SNK |b slo |c SNK |e AACR2 | ||
| 245 | 1 | |a Archaeologiai közlemények. Roč. 8, č. 11, 1877 | |
| 260 | |a Budapest |b Az akademia epületében |c 1877 | ||
| 958 | |a ONDV | ||
| 999 | |c 972649 |d 974579 | ||
| 952 | |t P60, <06>, [BOOK], {606} |a SNK |b SNK |y PREZ |7 0 |p 17A0071255 |o snkČA 2/11/1877 |0 0 |1 1 |4 0 |d 1997-06-09 |l 0 |r 2005-01-02 00:00:00 |w 2026-02-24 | ||


